BIBLIOTHÈQUE DE LA MAISON DU MEXIQUE

Logo 1 Logo 2

Obras reunidas (notice nᵒ 5401)

détails MARC
000 -Sello discográfico
campo de control de longitud fija 00974nam0a2200337 4500
005 - Identificación de versión
campo de control 20251016082629.0
010 ## - Número Estándar Internacional de Libros (ISBN)
Número (ISBN) 968-16-7714-5 (tomo IV)
035 ## - Otros números de control del sistema
Número de control del sistema 33487
099 ## - fechas locales
Tipo de ítem Koha LIBRO
100 ## - Datos de procesamiento general
Datos de procesamiento general 20111128d2006 m y0spay5003 ba
105 ## - Campo de datos codificados: Material textual, monográfico
Datos codificados de monografía y 001cb
200 1# - Título y mención de responsabilidad
Título propio Obras reunidas
Designación general del material texto impreso
Primer mención de responsabilidad Sergio Pitol
Número de una pieza IV
Nombre de una parte Escritos autobiográficos
205 ## - Declaración de edición
Declaración de edición 1a ed
210 ## - Publicación, distribución, etc.
Lugar de publicación, distribución, etc. México
Nombre del editor, distribuidor, etc. Fondo de Cultura Económica
Fecha de publicación, distribución, etc. 2006
215 ## - Descripción física
Designación de material específico y extensión del ítem 415 p
Dimensiones 27 cm
318 ## - Nota de acción
Acción No se presta a domicilio
345 ## - Nota de información de adquisición
Fuente de adquisición/dirección de la suscripción [OBSOLETO] Donación 'Salon du Livre 2009'
410 #1 - Series
Título Colección Obras Reunidas
700 ## - Nombre personal - Responsabilidad primaria
Elemento de entrada Pitol Demeneghi
Parte del nombre distinta del elemento de entrada Sergio
Fechas 1933-2018
Número Koha 3039
801 #0 - Fuente de origen
País FR
Agencia cm
Reglas de catalogación (convenciones descriptivas) AFNOR
900 ## -
-- 1/20864
942 ## - ELEMENTOS DE ENTRADA SECUNDARIOS (KOHA)
Tipo de ítem Koha Livre
996 ## -
-- MEX
-- 751145101
-- MMAG
-- 000786
-- R863.4 P685OR V.4
-- 20111128LIV
Exemplaires
Estatus retirado Estado de daño Estado de pérdida Fecha de adquisición Biblioteca de origen Biblioteca actual Ubicación en estantería Código de barras Precio de reemplazo Signatura topográfica completa No para préstamo Tipo de ítem Koha Nota pública Nota no pública
      05/08/2025 Casa México Paris Casa México Paris   000786 05/08/2025 R863.4 P685OR V.4 No se presta a domicilio Livre 20111128LIV 751145101